Region - služby - cestovní ruch (sociodynamické faktory rozvoje regionů) mezinárodní konference : sborník přednášek : Ostrava, 9.-10. dubna 2001
Saved in:
| Corporate Author: | |
|---|---|
| Other Authors: | |
| Format: | Book |
| Language: | Czech Slovak English |
| Published: |
Ostrava
Filozofická fakulta Ostravské univerzity v Ostravě
2001
|
| Subjects: | |
| Tags: |
No Tags, Be the first to tag this record!
|
MARC
| LEADER | 00000nam a2200000 4500 | ||
|---|---|---|---|
| 001 | 0148747 | ||
| 005 | 20240104133206.5 | ||
| 020 | |a 80-7042-580-6 | ||
| 041 | 0 | |a cze | |
| 041 | 0 | |a slo | |
| 041 | 0 | |a eng | |
| 044 | |a CZ | ||
| 245 | 1 | 0 | |a Region - služby - cestovní ruch (sociodynamické faktory rozvoje regionů) |b mezinárodní konference : sborník přednášek : Ostrava, 9.-10. dubna 2001 |
| 264 | 1 | |a Ostrava |b Filozofická fakulta Ostravské univerzity v Ostravě |c 2001 | |
| 300 | |a 392 s. | ||
| 610 | 2 | 0 | |a ruch cestovný |
| 610 | 2 | 0 | |a regióny |
| 610 | 2 | 0 | |a služby |
| 700 | 1 | |a Urban, Jiří | |
| 110 | 2 | |a Region - služby - cestovní ruch (sociodynamické faktory rozvoje regionů). Mezinárodní konference | |